| 000 | 00583 a2200205 4500 | ||
|---|---|---|---|
| 005 | 20260130163752.0 | ||
| 008 | 260129b |||||||| |||| 00| 0 eng d | ||
| 020 |
_a9780091581879 _cRs. 2495.00 |
||
| 040 | _aMAIN | ||
| 082 |
_a150.287 _bR73I |
||
| 100 | _aRoshan, Lal | ||
| 245 | _aInstant notes on psychology introduction to psychological testing | ||
| 260 |
_bPsycho Information Technologies _c2024 _aNew Delhi |
||
| 300 | _a308 | ||
| 650 | _aPsychology | ||
| 650 | _aPsychological Measurement | ||
| 650 | _aPsychological Testing | ||
| 700 | _aElina, Monty | ||
| 942 | _cBK | ||
| 999 |
_c393688 _d393688 |
||